000 00308nam a22001337a 4500
008 171009b xxu||||| |||| 00| 0 eng d
020 _ax0002op2yt
041 _aeng
080 _a159.9
100 _a49
101 _aPSI
245 _aLAB MANUAL FOR PSYCHOLOGICAL RESEARCH
_cMCBRIDE, D.M
942 _2udc
_cBK
999 _c32618
_d32618